000 00331nam a2200145Ia 4500
005 20251222151344.0
008 251222s9999||||xx |||||||||||||| ||spa||
020 _a9500259338
082 _a947.086.092/T83
100 _aTruscott, Peter
245 0 _aVladimir Putin:
250 _a1ra. ed.
264 _bEl Ateneo
942 _cLIB
999 _c24579
_d24579